000 00244nam a2200109Ia 4500
008 230312s9999||||xx |||||||||||||| ||und||
082 _a658.1511
_bSIV-A
100 _aSivabalan prabhu
245 0 _aAcct mba
650 _aManagement
942 _cBK
999 _c14717
_d14717